| 000 | 00490nam a2200193Ia 4500 | ||
|---|---|---|---|
| 003 | GCL | ||
| 005 | 20240530094946.0 | ||
| 008 | 140319s9999 xx 000 0 eng d | ||
| 040 |
_aGCL / _cGCL |
||
| 082 | 0 | 4 |
_a791.4375 _bP M |
| 100 | _aPHAIDON | ||
| 245 | 1 | 0 |
_aTHE MOVIE BOOK _cPHAIDON |
| 260 |
_aانجلترا : _bPHAIDON ، _c1999 |
||
| 300 |
_a32 CM ؛ _c512 P |
||
| 650 | 0 | 4 | _aMOTION PICTURES |
| 650 | 0 | 4 | _aPERFORMANCE ART |
| 650 | 0 | 4 | _aMOTION PICTURES - CATALOGS |
| 942 |
_2ddc _cBK |
||
| 999 |
_c2717 _d2717 |
||